DATA STRUCTURES (Record no. 14215)
[ view plain ]
| 000 -LEADER | |
|---|---|
| fixed length control field | 00339nam a22001457a 4500 |
| 003 - CONTROL NUMBER IDENTIFIER | |
| control field | SGT |
| 020 ## - INTERNATIONAL STANDARD BOOK NUMBER | |
| International Standard Book Number | 978-1-25-902996-7 |
| 082 ## - DEWEY DECIMAL CLASSIFICATION NUMBER | |
| Classification number | 005.73 |
| Item number | LIP |
| 100 ## - MAIN ENTRY--PERSONAL NAME | |
| Personal name | LIPSCHUTZ,SEYMOUR |
| 245 ## - TITLE STATEMENT | |
| Title | DATA STRUCTURES |
| 260 ## - PUBLICATION, DISTRIBUTION, ETC. (IMPRINT) | |
| Place of publication, distribution, etc | NEW DELHI |
| Name of publisher, distributor, etc | MC-GRAW HILL |
| Year of Publication | 2016 |
| 300 ## - PAGE DESCRIPTION | |
| No. of Pages | A-19 |
| 650 ## - SUBJECT ADDED ENTRY--TOPICAL TERM | |
| Topical term or geographic name as entry element | COMPUTER SCIENCE ENGINEERING |
| 942 ## - ADDED ENTRY ELEMENTS (KOHA) | |
| Source of classification or shelving scheme | Dewey Decimal Classification |
| Koha item type | Books |
| 942 ## - ADDED ENTRY ELEMENTS (KOHA) | |
| -- | 48 |
| Withdrawn status | Lost status | Source of classification or shelving scheme | Damaged status | Not for loan | Collection code | Home library | Current library | Shelving location | Date acquired | Vendor Name | Cost, normal purchase price | SGTU | Bill Number | Total Checkouts | Total Renewals | Full call number | Accession No. (Barcode) | Date last seen | Date last borrowed | Bill Date | Koha item type | Checked out |
|---|---|---|---|---|---|---|---|---|---|---|---|---|---|---|---|---|---|---|---|---|---|---|
| Dewey Decimal Classification | ENGINEERING | SGT Engineering Library | SGT Engineering Library | Text Book | 26/12/2017 | KIRTI PRAKASHAN (NEW DELHI ) | 499.00 | SGTU | IN1297 | 25 | 1 | 005.73 LIP | FE6826 | 18/09/2025 | 04/09/2025 | Books | ||||||
| Dewey Decimal Classification | ENGINEERING | SGT Engineering Library | SGT Engineering Library | Text Book | 26/12/2017 | KIRTI PRAKASHAN (NEW DELHI ) | 499.00 | SGTU | IN1297 | 26 | 4 | 005.73 LIP | FE6827 | 11/05/2026 | 27/04/2026 | Books | ||||||
| Dewey Decimal Classification | ENGINEERING | SGT Engineering Library | SGT Engineering Library | Text Book | 26/12/2017 | KIRTI PRAKASHAN (NEW DELHI ) | 499.00 | SGTU | IN1297 | 27 | 9 | 005.73 LIP | FE6828 | 24/09/2025 | 11/09/2025 | Books | ||||||
| Dewey Decimal Classification | ENGINEERING | SGT Engineering Library | SGT Engineering Library | Text Book | 26/12/2017 | KIRTI PRAKASHAN (NEW DELHI ) | 499.00 | SGTU | IN1297 | 16 | 3 | 005.73 LIP | FE6829 | 11/05/2026 | 11/05/2026 | Books | ||||||
| Lost and Paid For | Dewey Decimal Classification | ENGINEERING | SGT Engineering Library | SGT Engineering Library | Text Book | 26/12/2017 | KIRTI PRAKASHAN (NEW DELHI ) | 499.00 | SGTU | IN1297 | 22 | 1 | 005.73 LIP | FE6830 | 19/07/2025 | 10/10/2023 | Books | |||||
| Dewey Decimal Classification | ENGINEERING | SGT Engineering Library | SGT Engineering Library | Text Book | 26/12/2017 | KIRTI PRAKASHAN (NEW DELHI ) | 499.00 | SGTU | IN1297 | 23 | 6 | 005.73 LIP | FE6831 | 13/05/2026 | 13/05/2026 | Books | 12/06/2026 |